[Event "Erfurt op-A 29th"]
[Site "Erfurt"]
[Date "2019.12.28"]
[Round "5"]
[White "Easwaralingam, Adesh"]
[Black "Neubauer, Ralf"]
[Result "1/2-1/2"]
[WhiteElo "2045"]
[BlackElo "1931"]
[PlyCount "44"]
[EventDate "2019.12.26"]
[EventType "swiss"]
[EventRounds "8"]
[EventCountry "GER"]
[SourceTitle "CBM 194 Extra"]
[Source "ChessBase"]
[SourceDate "2020.03.31"]
[SourceVersion "1"]
[SourceVersionDate "2020.03.31"]
[SourceQuality "1"]

1. e4 g6 2. d4 Bg7 3. Nc3 d6 4. Nf3 Nf6 5. Bc4 Nxe4 6. Bxf7+ Kxf7 7. Nxe4 Rf8 8. c3 Kg8 9. h3 Nc6 10. Be3 e5 11. Qb3+ d5 12. Nxe5 Nxe5 13. dxe5 Bxe5 14. 0-0-0 c6 15. Rhe1 Qc7 16. Ng5 b5 17. Nf3 Bg7 18. Nd4 Kh8 19. h4 h6 20. Qc2 Bf5 21. Nxf5 Rxf5 22. Qd2 Kh7 1/2-1/2

[Event "Erfurt op-A 29th"]
[Site "Erfurt"]
[Date "2019.12.26"]
[Round "1"]
[White "Neubauer, Ralf"]
[Black "Schupp, Uwe"]
[Result "0-1"]
[WhiteElo "1931"]
[BlackElo "2098"]
[PlyCount "98"]
[EventDate "2019.12.26"]
[EventType "swiss"]
[EventRounds "8"]
[EventCountry "GER"]
[SourceTitle "CBM 194 Extra"]
[Source "ChessBase"]
[SourceDate "2020.03.31"]
[SourceVersion "1"]
[SourceVersionDate "2020.03.31"]
[SourceQuality "1"]

1. Nf3 d6 2. d4 Nf6 3. g3 Nbd7 4. c4 e5 5. Nc3 Be7 6. Bg2 0-0 7. 0-0 c6 8. e4 a6 9. a4 a5 10. h3 exd4 11. Nxd4 Nc5 12. Be3 Re8 13. Qc2 Qc7 14. Rfd1 Bd7 15. Rac1 Rad8 16. b3 Bc8 17. Kh2 g6 18. Re1 Nfd7 19. Rcd1 Na6 20. Qd2 Ndc5 21. Bg5 f6 22. Bf4 Nb4 23. Bf1 Bf8 24. g4 Ne6 25. Nxe6 Bxe6 26. Bg2 Na6 27. Ne2 Bf7 28. Nd4 Nc5 29. Qc2 Qb6 30. Qc3 Bg7 31. Qg3 Bf8 32. Qc3 Nd7 33. Be3 Qc7 34. Kh1 Ne5 35. f4 Nd7 36. Bd2 Ra8 37. Bc1 Red8 38. Bb2 d5 39. Nc2 Qxf4 40. Rf1 d4 41. Qxd4 Qg3 42. Rd3 Qh4 43. Qf2 Qxf2 44. Rxf2 Nc5 45. Rxd8 Rxd8 46. Bxf6 Rd1+ 47. Kh2 Nxb3 48. Bf1 Bc5 49. Rf3 Nd2 0-1

[Event "GER-ch45 final email"]
[Site "GER email"]
[Date "2015.10.19"]
[Round "?"]
[White "Amann, Hubert"]
[Black "Neubauer, Ralf"]
[Result "1/2-1/2"]
[WhiteElo "2408"]
[BlackElo "2421"]
[PlyCount "50"]
[EventDate "2015.??.??"]
[EventType "tourn (corr)"]
[EventRounds "10"]
[EventCountry "GER"]
[SourceTitle "Corr 2017"]
[Source "ChessBase"]
[SourceDate "2017.09.19"]
[SourceVersion "1"]
[SourceVersionDate "2017.09.19"]
[SourceQuality "1"]

1. d4 Nf6 2. c4 e6 3. Nf3 d5 4. Nc3 c6 5. Bg5 h6 6. Bh4 dxc4 7. e4 g5 8. Bg3 b5 9. Be2 Bb7 10. Qc2 Nh5 11. Be5 Rg8 12. h4 g4 13. Nh2 f6 14. Bxb8 Rxb8 15. Nxg4 Nf4 16. Rd1 Nxg2+ 17. Kf1 h5 18. Rg1 hxg4 19. Rxg2 f5 20. exf5 Qxh4 21. fxe6 Qh1+ 22. Rg1 Qh3+ 23. Rg2 Qh1+ 24. Rg1 Qh3+ 25. Rg2 Qh1+ 1/2-1/2

[Event "GER-ch45 final email"]
[Site "GER email"]
[Date "2015.10.19"]
[Round "?"]
[White "Kloster, Josef"]
[Black "Neubauer, Ralf"]
[Result "1/2-1/2"]
[WhiteElo "2440"]
[BlackElo "2421"]
[PlyCount "91"]
[EventDate "2015.??.??"]
[EventType "tourn (corr)"]
[EventRounds "10"]
[EventCountry "GER"]
[SourceTitle "Corr 2017"]
[Source "ChessBase"]
[SourceDate "2017.09.19"]
[SourceVersion "1"]
[SourceVersionDate "2017.09.19"]
[SourceQuality "1"]

1. e4 c5 2. Nf3 d6 3. d4 cxd4 4. Nxd4 Nf6 5. Nc3 a6 6. h3 e5 7. Nde2 h5 8. g3 Be6 9. Bg5 Nbd7 10. Bg2 Be7 11. a4 Rc8 12. 0-0 0-0 13. Qd2 Re8 14. b3 Qa5 15. Rfd1 Bf8 16. Ra2 Rc7 17. Qd3 Rcc8 18. Be3 g6 19. Qd2 Rc7 20. Qc1 Rcc8 21. Bg5 Be7 22. Ra1 Kg7 23. Bh6+ Kh7 24. Bd2 Bf8 25. Qb2 Qc7 26. a5 Qc6 27. Be3 Bh6 28. Bxh6 Kxh6 29. Qa3 Nc5 30. b4 Ncd7 31. Rd2 Red8 32. Rad1 Ne8 33. f4 b6 34. f5 Bc4 35. Nd5 Bxd5 36. Qe3+ Kg7 37. exd5 Qc4 38. fxg6 fxg6 39. Qg5 Nef6 40. g4 h4 41. Qxh4 Qxb4 42. Qg5 Nf8 43. Ng3 N8h7 44. Nf5+ Kf7 45. Nh6+ Kg7 46. Nf5+ 1/2-1/2

[Event "GER-ch45 final email"]
[Site "GER email"]
[Date "2015.10.19"]
[Round "?"]
[White "Neubauer, Ralf"]
[Black "Kraft, Dieter"]
[Result "1/2-1/2"]
[WhiteElo "2421"]
[BlackElo "2459"]
[PlyCount "51"]
[EventDate "2015.??.??"]
[EventType "tourn (corr)"]
[EventRounds "10"]
[EventCountry "GER"]
[SourceTitle "Corr 2017"]
[Source "ChessBase"]
[SourceDate "2017.09.19"]
[SourceVersion "1"]
[SourceVersionDate "2017.09.19"]
[SourceQuality "1"]

1. d4 d5 2. c4 c6 3. Nf3 Nf6 4. Nc3 e6 5. e3 Nbd7 6. Qc2 Bd6 7. Bd3 0-0 8. 0-0 dxc4 9. Bxc4 a6 10. b3 b5 11. Bd3 Bb7 12. Bb2 c5 13. Ne4 Nxe4 14. Bxe4 Bxe4 15. Qxe4 Nf6 16. Qd3 Rc8 17. Rac1 Qd7 18. Rfd1 Rfd8 19. Qf1 cxd4 20. Rxd4 Qb7 21. Rxc8 Qxc8 22. Qd3 Be7 23. Rxd8+ Bxd8 24. Nd4 Be7 25. g3 Nd5 26. a3 1/2-1/2

[Event "GER-ch46 V10 email"]
[Site "GER email"]
[Date "2014.04.03"]
[Round "?"]
[White "Hoebel, Hartmut"]
[Black "Neubauer, Ralf"]
[Result "0-1"]
[WhiteElo "2122"]
[BlackElo "2150"]
[PlyCount "100"]
[EventDate "2014.04.16"]
[EventType "tourn (corr)"]
[EventRounds "8"]
[EventCountry "GER"]
[SourceTitle "Corr 2015"]
[Source "ChessBase"]
[SourceDate "2015.07.17"]
[SourceVersion "1"]
[SourceVersionDate "2015.07.17"]
[SourceQuality "1"]

1. d4 Nf6 2. c4 g6 3. Nc3 Bg7 4. e4 d6 5. Nf3 0-0 6. Be2 e5 7. 0-0 Nc6 8. d5 Ne7 9. Ne1 Nd7 10. Nd3 f5 11. f3 f4 12. Bd2 g5 13. Rc1 Rf6 14. b4 Rg6 15. c5 Nf6 16. Nf2 h5 17. Nb5 a6 18. cxd6 cxd6 19. Nc7 Rb8 20. Qb3 g4 21. Rc2 Kh7 22. b5 axb5 23. Nxb5 Bh6 24. Bb4 Ne8 25. Nd1 g3 26. Bd3 Bd7 27. a4 Rc8 28. Rb2 gxh2+ 29. Kxh2 h4 30. Be1 h3 31. Nbc3 Rg3 32. Bb5 Bxb5 33. Qxb5 Ng6 34. Ne2 Rxg2+ 35. Kh1 Rc5 36. Qxb7+ Rc7 37. Qb5 Nh4 38. Ng1 Ng7 39. Nxh3 Rg3 40. Bxg3 fxg3 41. f4 Nh5 42. Rg1 exf4 43. Qd3 Ng6 44. e5 dxe5 45. d6 Rd7 46. Nc3 Rxd6 47. Qf3 Ng7 48. Ne4 Nh4 49. Qe2 Rg6 50. Rd1 Qc8 0-1

[Event "GER-ch46 V10 email"]
[Site "GER email"]
[Date "2014.04.03"]
[Round "?"]
[White "Neubauer, Ralf"]
[Black "Koentges, Markus"]
[Result "1/2-1/2"]
[WhiteElo "2150"]
[BlackElo "2063"]
[PlyCount "55"]
[EventDate "2014.04.16"]
[EventType "tourn (corr)"]
[EventRounds "8"]
[EventCountry "GER"]
[SourceTitle "Corr 2015"]
[Source "ChessBase"]
[SourceDate "2015.07.17"]
[SourceVersion "1"]
[SourceVersionDate "2015.07.17"]
[SourceQuality "1"]

1. e4 e5 2. Nf3 Nc6 3. Bb5 a6 4. Ba4 Nf6 5. 0-0 Be7 6. Re1 b5 7. Bb3 0-0 8. h3 Bb7 9. d3 d5 10. exd5 Nxd5 11. a4 Nd4 12. Nbd2 Nxb3 13. Nxb3 Nb4 14. Nxe5 Qd5 15. f3 Bd6 16. d4 Rae8 17. axb5 axb5 18. Bd2 Bc8 19. Ng4 h5 20. Rxe8 Rxe8 21. Nf2 Bf5 22. Bxb4 Bxb4 23. c3 Be7 24. Ra5 c6 25. Nd2 Be6 26. Qe2 Qd7 27. Ra1 c5 28. dxc5 1/2-1/2

[Event "GER-ch46 V10 email"]
[Site "GER email"]
[Date "2014.04.03"]
[Round "?"]
[White "Wurtinger, Rainer"]
[Black "Neubauer, Ralf"]
[Result "1/2-1/2"]
[WhiteElo "2152"]
[BlackElo "2150"]
[PlyCount "68"]
[EventDate "2014.04.16"]
[EventType "tourn (corr)"]
[EventRounds "8"]
[EventCountry "GER"]
[SourceTitle "Corr 2015"]
[Source "ChessBase"]
[SourceDate "2015.07.17"]
[SourceVersion "1"]
[SourceVersionDate "2015.07.17"]
[SourceQuality "1"]

1. d4 Nf6 2. c4 g6 3. Nc3 Bg7 4. e4 d6 5. Nf3 0-0 6. h3 e5 7. d5 Nh5 8. g3 a5 9. Be3 Na6 10. Be2 f5 11. exf5 gxf5 12. Rg1 f4 13. gxf4 Nxf4 14. Qd2 Kh8 15. 0-0-0 Nc5 16. Ng5 Bf5 17. Bxc5 dxc5 18. Qe3 Bg6 19. h4 Nxe2+ 20. Qxe2 Qf6 21. h5 Qf4+ 22. Qd2 Bxh5 23. Rh1 Bg6 24. Ne6 Qxd2+ 25. Rxd2 Rf7 26. Nb5 h5 27. Rg1 Bh7 28. Nbxc7 Rg8 29. Rxg7 Rfxg7 30. Nxg7 Kxg7 31. f3 Kf6 32. Rh2 Bg6 33. Kd2 Rh8 34. Ke3 Bf5 1/2-1/2

[Event "GER-chT10 LJ-21 Br03 email"]
[Site "GER email"]
[Date "2013.10.04"]
[Round "?"]
[White "Neubauer, Ralf"]
[Black "Scheiba, Manfred"]
[Result "1/2-1/2"]
[WhiteElo "2150"]
[BlackElo "2080"]
[PlyCount "71"]
[EventDate "2013.10.15"]
[EventType "tourn (corr)"]
[EventRounds "8"]
[EventCountry "GER"]
[SourceTitle "Corr 2015"]
[Source "ChessBase"]
[SourceDate "2015.07.17"]
[SourceVersion "1"]
[SourceVersionDate "2015.07.17"]
[SourceQuality "1"]

1. e4 c6 2. d4 d5 3. e5 Bf5 4. Nf3 e6 5. Be2 Nd7 6. 0-0 Ne7 7. Nbd2 h6 8. Nb3 Bh7 9. a4 Nf5 10. a5 Be7 11. c4 a6 12. Bd2 0-0 13. Re1 Re8 14. c5 Nf8 15. Ra3 Bg6 16. Nc1 Qc7 17. h3 Bd8 18. Bd3 Qd7 19. b4 Rc8 20. Ne2 Ne7 21. Qc1 Bxd3 22. Rxd3 Nh7 23. h4 Ng6 24. h5 Nh4 25. Nxh4 Bxh4 26. Rh3 Be7 27. Rg3 Bg5 28. Nf4 Qd8 29. Qd1 Rc7 30. Be3 Kh8 31. Rg4 Rg8 32. Nh3 Bxe3 33. Rxe3 Qe8 34. Reg3 Qd8 35. Qd3 Rc8 36. Qd2 1/2-1/2

[Event "GER-chT10 LJ-21 Br03 email"]
[Site "GER email"]
[Date "2013.10.04"]
[Round "?"]
[White "Neubauer, Ralf"]
[Black "Schmenger, Juergen"]
[Result "1-0"]
[WhiteElo "2150"]
[BlackElo "2134"]
[PlyCount "125"]
[EventDate "2013.10.15"]
[EventType "tourn (corr)"]
[EventRounds "8"]
[EventCountry "GER"]
[SourceTitle "Corr 2015"]
[Source "ChessBase"]
[SourceDate "2015.07.17"]
[SourceVersion "1"]
[SourceVersionDate "2015.07.17"]
[SourceQuality "1"]

1. e4 e5 2. Nf3 Nf6 3. Nxe5 d6 4. Nf3 Nxe4 5. d4 d5 6. Bd3 Nc6 7. 0-0 Be7 8. Nc3 Bf5 9. Re1 Nxc3 10. bxc3 Bxd3 11. Qxd3 0-0 12. c4 dxc4 13. Qxc4 Bd6 14. Bd2 Qd7 15. g3 h6 16. Kg2 Ne7 17. a4 Rfe8 18. Qb3 b6 19. c4 a5 20. Rac1 Nc6 21. Qb5 Rxe1 22. Rxe1 Rd8 23. h4 f6 24. Qd5+ Kf8 25. Qe4 Re8 26. Qxe8+ Qxe8 27. Rxe8+ Kxe8 28. h5 Nb4 29. Ne1 f5 30. Kf3 Kd7 31. Ke2 Be7 32. Nf3 Bf6 33. Bf4 Nc2 34. Kd3 Nb4+ 35. Kd2 Na6 36. Ne5+ Ke6 37. d5+ Ke7 38. Kc2 Nb4+ 39. Kb3 Ke8 40. Ng6 Kd8 41. Nf8 c6 42. dxc6 Nxc6 43. c5 Nd4+ 44. Kc4 bxc5 45. Bd2 Ke8 46. Ng6 Bd8 47. Kd5 Bc7 48. Bc3 Bb6 49. Bb2 Ba7 50. Ne5 f4 51. g4 f3 52. Nc4 Bb8 53. Bc3 Kd7 54. Bxa5 Ne2 55. Ne5+ Kc8 56. Nd3 Ba7 57. Nxc5 Ng1 58. Nd3 Nh3 59. Bc3 Bxf2 60. Ke4 Ng5+ 61. Kf5 Be3 62. Bxg7 Nh3 63. Ke4 1-0